Stati per possesso di Armi - Statistics

Statistiche generali
  • Questo quiz è stato fatto 12 volte
  • Il punteggio medio è 9 su 10
Statistiche sulle risposte
Numero di armi da fuoco ad uso civile Continente Nazione % Corretto
49 735 000 Asia Cina
100%
16 809 000 America del Nord Messico
100%
17 620 000 Asia / Europa Russia
100%
393 347 000 America del Nord Stati Uniti
100%
13 249 000 Asia / Europa Turchia
100%
17 510 000 America del Sud Brasile
92%
15 822 000 Europa Germania
92%
71 101 000 Asia India
83%
43 917 000 Asia Pakistan
75%
14 859 000 Asia Yemen
33%
Nessun quiz corrispondente trovato
Distribuzione punteggi
Percentuale di utenti per punteggio
Percentile per numero di risposta
I tuoi punteggi nel tempo
Non hai fatto questo quiz